| 000 | 00692nam a22002537a 4500 | ||
|---|---|---|---|
| 003 | UA-OsUOA | ||
| 001 | 27619 | ||
| 007 | ta | ||
| 008 | 20040908b un ||||| |||| 00| 0 ukr d | ||
| 100 | _aЗолозова Т. | ||
| 090 |
_a785(44)(091) _bЗ-80 |
||
| 942 | _cBK | ||
| 040 |
_aUA-OsUOA _brus _cUA-OsUOA _dUA-OsUOA |
||
| 245 |
_aИнструментальная музыка послевоенной Франции(1945-1970) _bИсследование |
||
| 300 | _a216 с. | ||
| 955 | _a0 | ||
| 041 | _arus | ||
| 080 | _a785(44)(091) | ||
| 020 | _a5-88510-078-0 | ||
| 260 |
_aКиев _bМузычна Украйина _c1989 |
||
| 044 | _aRU | ||
| 650 | 7 | _2UDC | |
| 999 |
_c313968 _d313968 |
||